=LDR 00000nam 2200000 4500 =001 INLIS000000000010940 =005 20130612102540 =008 ***********************************Ind** =035 ##$$0010-061300000010940 =041 ##$$a Ind =082 ##$$a 675.2 =090 ##$$a 675.2, Sue-a =100 ##$$a Sucipto =245 ##$$a Alat mesin Penyamakan kulit, Sucipto =260 ##$$a 1989 $b Yogyakarta =300 ##$$a 46 hlm., Ius, 21 cm =650 ##$$a penyamakan =650 ##$$a Alat =850 ##$$a NBPNMAT